[Event "ch-SCO"]
[Site "Edinburgh SCO"]
[Date "2009.07.16"]
[Round "6"]
[White "McClement,A"]
[Black "Zhang,F"]
[Result "0-1"]
[WhiteElo "1893"]
[BlackElo "2058"]

1.Nf3 d5 2.c4 e6 3.d4 Nf6 4.g3 c6 5.Bg2 Nbd7 6.Nbd2 Bd6 7.O-O O-O 8.Qc2 Re8
9.Rd1 Qe7 10.b3 e5 11.cxd5 Nxd5 12.e4 Nb4 13.Qb1 exd4 14.Nxd4 Ne5 15.Nf1 Bg4
16.f3 Bd7 17.Ne3 Bc5 18.Bb2 Rad8 19.a3 Na6 20.Kh1 g6 21.Qa2 Bc8 22.Rd2 Qc7
23.Rad1 Bf8 24.Bc3 Qb6 25.b4 Nc7 26.f4 Ng4 27.Nc4 Qa6 28.h3 b5 29.hxg4 bxc4
30.Bf1 c5 31.Bxc4 Qf6 32.g5 Qe7 33.Nc6 Qxe4+ 34.Kh2 Rxd2+ 35.Rxd2 Be6 36.Bxe6 Nxe6
37.b5 Nxf4 38.gxf4 Qxf4+ 39.Kg2 Qxg5+ 40.Kf2 Qe3+ 41.Kg2 Qxc3 42.Rf2 c4  0-1

[Event "ch-SCO"]
[Site "Edinburgh SCO"]
[Date "2009.07.17"]
[Round "7"]
[White "Gourlay,I"]
[Black "Motwani,P"]
[Result "1/2-1/2"]
[WhiteElo "2349"]
[BlackElo "2503"]

1.Nf3 d5 2.c4 e6 3.g3 dxc4 4.Na3 Bxa3 5.bxa3 b5 6.Bb2 Nf6 7.a4 b4 8.Qc2 Nbd7
9.Qxc4 c5 10.Bg2 Bb7 11.d3 O-O 12.O-O Rc8 13.Qc2 a5 14.Nd2 Bxg2 15.Kxg2 Nd5
16.Nc4 N7b6 17.e4 Nxc4 18.Qxc4 Nb6 19.Qb5 Qd6 20.a3 Qc6 21.axb4 axb4 22.Rfc1 Rfd8
23.Qxc6 Rxc6 24.a5 Nd7 25.Rc4 e5 26.d4 exd4 27.Bxd4 f6  1/2-1/2

[Event "ch-SCO"]
[Site "Edinburgh SCO"]
[Date "2009.07.17"]
[Round "7"]
[White "Campbell,E"]
[Black "McDonald,I"]
[Result "1/2-1/2"]
[WhiteElo "1908"]
[BlackElo "1545"]

1.Nf3 d5 2.c4 dxc4 3.e4 Nc6 4.Bxc4 e5 5.Qb3 Qf6 6.O-O Bc5 7.Nc3 Nge7 8.Qb5 Qd6
9.d4 Bxd4 10.Nxd4 exd4 11.Nd5 a6 12.Qb3 Ng6 13.f4 O-O 14.Bd2 b5 15.Bd3 Nge7
16.Nxe7+ Nxe7 17.f5 c5 18.Bf4 Qc6 19.Be2 c4 20.Qa3 d3 21.Bxd3 cxd3 22.Qxe7 Re8
23.Qg5 f6 24.Qg3 Bb7 25.Rac1 Qxe4 26.Rfe1 Qd5 27.Bd2 Bc6 28.Re6 Rxe6 29.fxe6 Re8
30.Rc3 Qd4+ 31.Kf1 Qe4 32.Rxd3 Rxe6 33.Re3 Qc4+ 34.Kg1 Rxe3 35.Bxe3 Qd3 36.Qb8+ Kf7
37.Qc7+ Ke6 38.Qc8+ Kf7 39.Qc7+ Qd7 40.Qxd7+ Bxd7  1/2-1/2

[Event "12th Open"]
[Site "Malaga ESP"]
[Date "2009.07.17"]
[Round "8"]
[White "Jessel,S"]
[Black "Jimenez Capilla,M"]
[Result "1-0"]
[WhiteElo "2275"]
[BlackElo "1984"]

1.Nf3 d5 2.c4 c6 3.g3 Nf6 4.Bg2 e6 5.b3 Bd6 6.Bb2 Nbd7 7.O-O O-O 8.d4 b6
9.Nc3 Bb7 10.Qc2 c5 11.cxd5 exd5 12.Rfd1 Rc8 13.dxc5 bxc5 14.Ng5 h6 15.Nxd5 Bxd5
16.Rxd5 Qb6 17.Rad1 Bb8 18.Rxd7 hxg5 19.Qf5 Nxd7 20.Rxd7 Rc7 21.Be4 g6 22.Qh3  1-0

[Event "32nd Taminco Open"]
[Site "Ghent BEL"]
[Date "2009.07.18"]
[Round "2"]
[White "Verschoren,B"]
[Black "Rijnaarts,S"]
[Result "0-1"]
[WhiteElo "1987"]
[BlackElo "2316"]

1.Nf3 d5 2.c4 c6 3.cxd5 cxd5 4.d4 Nf6 5.Nc3 Nc6 6.Bf4 Bf5 7.e3 e6 8.Rc1 Qb6
9.Bb5 Bb4 10.Qb3 Qxb5  0-1

[Event "13th Battle of Senta Open A"]
[Site "Senta SRB"]
[Date "2009.07.18"]
[Round "1"]
[White "Toth,Sar"]
[Black "Gonda,L"]
[Result "1/2-1/2"]
[WhiteElo "2236"]
[BlackElo "2499"]

1.Nf3 d5 2.c4 c6 3.b3 Nf6 4.g3 Bf5 5.Bg2 e6 6.Bb2 Nbd7 7.O-O Be7 8.d3 h6
9.Nbd2 O-O 10.Re1 Bh7 11.a3 a5 12.cxd5 exd5 13.Bc3 Qb6 14.Bd4 Bc5 15.Bxc5 Nxc5
16.h3 Rfe8 17.Rb1 Ne6 18.b4 axb4 19.axb4 Ra2 20.Qb3 Rea8 21.Rb2 R2a3 22.Qc2 Nc7
23.Nb3 Nb5 24.Nc5 Ne8 25.e4 Nec7 26.Qd2 Ra1 27.Rxa1 Rxa1+ 28.Kh2 Qa7 29.Qf4 Qa8
30.Nd4 dxe4 31.dxe4 Bg6 32.Nf5 Kh7 33.Qe5 f6 34.Qe7 Qg8  1/2-1/2

[Event "Najdorf Mem Open"]
[Site "Warsaw POL"]
[Date "2009.07.18"]
[Round "1"]
[White "Marszalek,Mac"]
[Black "Kaliszewski,T"]
[Result "1-0"]
[WhiteElo "2395"]
[BlackElo "2082"]

1.Nf3 d5 2.c4 d4 3.d3 g6 4.e3 c5 5.exd4 cxd4 6.g3 Bg7 7.Bg2 Nc6 8.O-O Nf6
9.Re1 O-O 10.Na3 Nd7 11.Nc2 a5 12.b3 Nc5 13.Ba3 Qb6 14.Qd2 Bf5 15.Bxc5 Qxc5
16.a3 Bg4 17.h3 Bxf3 18.Bxf3 Rfe8 19.b4 Qf5 20.Kg2 Qd7 21.Kh2 e6 22.Bg2 Ra7
23.Reb1 Rb8 24.b5 Nd8 25.b6 Ra6 26.Rb5 Bf8 27.Rab1 Nc6 28.h4 a4 29.h5 Ra5
30.Bxc6  1-0

[Event "ch-SCO"]
[Site "Edinburgh SCO"]
[Date "2009.07.19"]
[Round "9"]
[White "Campbell,E"]
[Black "Roy,Ali"]
[Result "1-0"]
[WhiteElo "1908"]
[BlackElo "1762"]

1.Nf3 d5 2.c4 c6 3.e3 Nf6 4.Nc3 e6 5.b3 Bd6 6.Bb2 O-O 7.Qc2 Nbd7 8.Be2 Qc7
9.g4 Nc5 10.Ng5 h6 11.h4 e5 12.cxd5 e4 13.Ncxe4 Ncxe4 14.Nxe4 Nxe4 15.Qxe4 cxd5
16.Qd4 f6 17.Qxd5+ Kh8 18.Rc1 Qe7 19.Rxc8 Raxc8 20.Bd3 Rc5 21.Qf3 a5 22.Ke2 Qe6
23.Bd4 Rc7 24.Bb6 Re7 25.Bxa5 Ra8 26.Bc3 Rxa2 27.g5 fxg5 28.hxg5 Rf7 29.gxh6 Kg8
30.hxg7 Be5 31.Bxe5 Qxe5 32.Rh8+ Kxg7 33.Rh7+ Kg8 34.Qxf7+  1-0

[Event "32nd Taminco Open"]
[Site "Ghent BEL"]
[Date "2009.07.19"]
[Round "4"]
[White "Verschoren,B"]
[Black "Lacrosse,M"]
[Result "0-1"]
[WhiteElo "1987"]
[BlackElo "2184"]

1.Nf3 d5 2.c4 e6 3.d4 Nf6 4.Nc3 c6 5.Bg5 Nbd7 6.e3 Qa5 7.cxd5 Ne4 8.dxe6 fxe6
9.Bf4 Bb4 10.Nd2 Nxc3 11.bxc3 Bxc3 12.Rc1 e5 13.dxe5 Nxe5 14.e4 Be6 15.Qc2 Bd4
16.Rb1 O-O-O 17.Rb5 Qc7 18.Bxe5 Bxe5 19.Rb1 Qa5 20.Rb5 Rxd2 21.Rxa5 Rxc2
22.Rxe5 Bxa2 23.g3 Kb8 24.Bg2 Bc4  0-1

[Event "13th Battle of Senta Open A"]
[Site "Senta SRB"]
[Date "2009.07.19"]
[Round "3"]
[White "Toth,Sar"]
[Black "Elez,S"]
[Result "0-1"]
[WhiteElo "2236"]
[BlackElo "2103"]

1.Nf3 d5 2.c4 e6 3.b3 Nf6 4.g3 c5 5.Bg2 Nc6 6.e3 Be7 7.Bb2 O-O 8.O-O d4 9.exd4 cxd4
10.Re1 Re8 11.d3 Bb4 12.Nbd2 e5 13.a3 Bd6 14.b4 Bf5 15.c5 Bc7 16.Nc4 a6 17.Qb3 h6
18.Nfd2 Be6 19.Rac1 Bd5 20.Ne4 Nxe4 21.Bxe4 Bxe4 22.Rxe4 Kh7 23.Rce1 f5 24.R4e2 Qd7
25.a4 f4 26.Nd2 Rf8 27.f3 fxg3 28.hxg3 Ne7 29.Kg2 Nd5 30.Nc4 Qf7 31.Rf2 Ne3+
32.Kg1 Rad8 33.Nd2 Qg6 34.Ne4 Rf7 35.Bc1 Nf5 36.Rh2 Kg8 37.Rg2 Rf8 38.Rf1 Kh8
39.Qd1 Ne7 40.Bd2 Nd5 41.Qe2 Kg8 42.Rff2 Rf5 43.g4 Nf4 44.Bxf4 Rxf4 45.b5 axb5
46.axb5 Ra8 47.Ng3 Rff8 48.Qd1 Ra3 49.Nf5 Qe6 50.b6 Bd8 51.Rc2 Bg5 52.Nd6 Qd5
53.Ne4 Bf4 54.c6 bxc6 55.Rc5 Qd7 56.Rgc2 Rfa8 57.Kg2 Ra1 58.Qe2 Rb1 59.Rb2 Rxb2
60.Qxb2 Rb8 61.Ra5 Qd8 62.Ra6 Qh4 63.Kg1 Be3+ 64.Kg2 Qe7 65.Ra7 Qxa7 66.Qb3+ Qf7  0-1

[Event "Maria Albulet Mem"]
[Site "Braila ROM"]
[Date "2009.07.21"]
[Round "4"]
[White "Yordanova,S"]
[Black "Gheorghe,C"]
[Result "1/2-1/2"]
[WhiteElo "2200"]
[BlackElo "2209"]

1.Nf3 d5 2.c4 e6 3.b3 a5 4.Bb2 a4 5.e3 Nf6 6.d3 Bb4+ 7.Bc3 axb3 8.Qxb3 Be7
9.Nbd2 Nbd7 10.d4 O-O 11.Be2 b6 12.O-O Bb7 13.a4 dxc4 14.Nxc4 Bd5 15.Qc2 Ne4
16.Bb2 Ra7 17.Nfe5 c5 18.Nxd7 Rxd7 19.Bd3 f5 20.Rfc1 Rc7 21.Qe2 Qa8 22.Ne5 Nd6
23.f3 Rfc8 24.dxc5 bxc5 25.Nc4 Nxc4 26.Bxc4 Ra7 27.e4 fxe4 28.fxe4 Bxc4 29.Qxc4 Qc6
30.Rf1 Rb8 31.Bc3  1/2-1/2

[Event "Quebec Open"]
[Site "Montreal CAN"]
[Date "2009.07.21"]
[Round "5"]
[White "Sambuev,B"]
[Black "Jancovic,P"]
[Result "1-0"]
[WhiteElo "2491"]
[BlackElo "2140"]

1.Nf3 d5 2.c4 c6 3.e3 Nf6 4.Nc3 e6 5.Qc2 Nbd7 6.d4 b6 7.Bd3 Bb7 8.O-O dxc4
9.Bxc4 c5 10.Rd1 cxd4 11.Nxd4 a6 12.e4 b5 13.Ndxb5 axb5 14.Bxb5 Qc7 15.Bg5 Rd8
16.Qa4 Bc8 17.Rac1 Qb8 18.e5 h6 19.Bxf6 gxf6 20.Ne4 Be7 21.exf6 Bf8 22.Qc4 Qb7
23.Rd6  1-0

[Event "Quebec Open"]
[Site "Montreal CAN"]
[Date "2009.07.22"]
[Round "6"]
[White "Leveille,F"]
[Black "Mitkov,N1"]
[Result "1-0"]
[WhiteElo "2261"]
[BlackElo "2526"]

1.Nf3 d5 2.c4 d4 3.g3 Nc6 4.Bg2 e5 5.O-O Nf6 6.d3 Be7 7.Na3 O-O 8.Nc2 a5
9.b3 Nd7 10.e3 Nc5 11.exd4 exd4 12.Bb2 Bg4 13.Qd2 Bf6 14.Ba3 b6 15.h3 Bf5
16.Nfe1 Bd7 17.f4 Re8 18.Nf3 Rb8 19.g4 g6 20.Rad1 Bg7 21.Bb2 Bc8 22.Ng5 Bb7
23.Nxf7 Kxf7 24.Bd5+ Kf8 25.f5 g5 26.f6 Bh6 27.h4 Re5 28.Bxc6 Bxc6 29.Nxd4 Bb7
30.Nf5 Rxf5 31.Rxf5 Kf7 32.Qh2 Qd6 33.Be5 Qc6 34.hxg5 Rg8 35.d4 Qe4 36.Qh3 Ne6
37.d5 Nxg5 38.Qxh6 Qxg4+ 39.Bg3 Qxg3+ 40.Kh1 Qg4 41.Re1 Qh3+ 42.Qxh3 Nxh3
43.Re7+ Kg6 44.Rf1 Bc8 45.Rxc7 Bg4 46.f7 Rf8 47.Rc6+ Kg7 48.Rxb6 Be2 49.Re1 Bh5
50.Re7 Bxf7 51.Kh2 Ng5 52.Kg3 Rg8 53.Kf4 Kf8 54.Ra7 Nh3+ 55.Ke5 Rg2 56.Rf6 Ng5
57.Rf5 Kg7 58.Rxa5 h5 59.d6 h4 60.d7 Ne6 61.Kd6 h3 62.Ke7 Bg6 63.Kxe6 Bxf5+
64.Rxf5 Re2+ 65.Kd6 Rd2+ 66.Kc7  1-0

[Event "Synthesia Rapid Open"]
[Site "Pardubice CZE"]
[Date "2009.07.22"]
[Round "2"]
[White "Cvek,R"]
[Black "Marusenko,P"]
[Result "*"]
[WhiteElo "2520"]
[BlackElo "2323"]

1.Nf3 d5 2.c4 c6 3.e3 Nf6 4.d4 Bf5 5.Nc3 e6 6.Nh4 Bg6 7.Nxg6 hxg6 8.g3 Nbd7
9.Qb3 Qc7 10.Bg2 Bd6 11.Bd2 dxc4 12.Qxc4 Nb6 13.Qe2 e5 14.Rc1 Qe7 15.dxe5 Bxe5
16.f4 Bxc3 17.Bxc3 Nbd5 18.Bd4 Qe6 19.e4 Nc7 20.O-O O-O 21.b3 Nb5 22.Bb2 Rad8
23.Rcd1 Rfe8 24.e5 Nd5 25.Qf2 Ndc3 26.Ra1 Nd5 27.a4 Nbc7 28.Ba3 a5 29.Bd6 Na6
30.h4 Nab4 31.Kh2 Nc3 32.Qb2 Ncd5 33.Bh3 f5 34.Kh1 Ne3 35.Rf3 Qd5 36.Bg2 Nxg2
37.Qxg2 Nd3 38.Rff1 Qxb3 39.Rab1 Qxa4 40.Rxb7 Qe4 41.Ra7 Ra8 42.Rc7 a4 43.Kh2 Qxg2+
44.Kxg2 Reb8 45.Rxc6 Rb2+ 46.Kf3 a3 47.Rc3 Nb4 48.Ra1 Nc2 49.Raxa3 Rb1 50.e6 Nxa3
51.Bxa3 Rab8 52.e7 Kf7 53.Re3 Ke8 54.Bd6 R8b3 55.Be5 Rxe3+ 56.Kxe3 Rb3+ 57.Kf2 Kxe7
58.Bxg7 Ke6 59.Be5 Kd5 60.Kg2 Ke4 61.Kh3 Kf3 62.h5 gxh5 63.Kh4 Kg2 64.Bf6 Rxg3
65.Kxh5 Rg4 66.Bg5 Kf3 67.Kg6 Rxf4 68.Kf6 Kg4  *

[Event "ch-Africa"]
[Site "Tripoli LBA"]
[Date "2009.07.22"]
[Round "2"]
[White "Abdelnabbi,I"]
[Black "Zaibi,A"]
[Result "1-0"]
[WhiteElo "2452"]
[BlackElo "2123"]

1.Nf3 d5 2.c4 c6 3.d4 e6 4.Nbd2 Nf6 5.g3 dxc4 6.Nxc4 c5 7.Bg2 Nc6 8.O-O cxd4
9.a3 Be7 10.b4 O-O 11.Bb2 d3 12.e3 Qd5 13.Nfe5 Qb5 14.a4 Nxe5 15.axb5 Nxc4
16.Bxf6 Bxf6 17.Qxd3 Bxa1 18.Rxa1 Nb6 19.Qd6 h6 20.h4 Re8 21.Rc1 e5 22.Rc7 e4
23.Re7 Bf5 24.Rxb7 Rad8 25.Qf4 Rd5 26.g4 g5 27.hxg5 hxg5 28.Qxg5+ Bg6 29.Qf6 Rxb5
30.Bxe4 Nd5 31.Qc6 Rxe4 32.Rxb5 Rxg4+ 33.Kh2 Nf6  1-0

[Event "Maria Albulet Mem"]
[Site "Braila ROM"]
[Date "2009.07.23"]
[Round "8"]
[White "Sgircea,S"]
[Black "Bulmaga,I"]
[Result "1-0"]
[WhiteElo "2199"]
[BlackElo "2277"]

1.Nf3 d5 2.c4 dxc4 3.Qa4+ Nd7 4.g3 Nf6 5.Bg2 e6 6.O-O Bd6 7.Qxc4 O-O 8.d4 c6
9.Rd1 Qe7 10.Qc2 e5 11.e4 Re8 12.Nc3 a6 13.a3 Bc7 14.h3 exd4 15.Nxd4 Nf8
16.Be3 Nh5 17.b4 g6 18.Rac1 Ne6 19.Nxe6 fxe6 20.Na4 Ng7 21.Nc5 e5 22.Rd2 g5
23.Rcd1 h6 24.Nxb7 Bxb7 25.Rd7 Qe6 26.Rxc7 Re7 27.Bf1 Kh8 28.Bc4 Qf6 29.Rxe7 Qxe7
30.Bc5 Qe8 31.Qd2 Bc8 32.Qd6 Kh7 33.g4 Be6 34.Bxe6 Nxe6 35.Qxe5 Qf7 36.Be3 Kg8
37.Rd6 Re8 38.Qf5 Qe7 39.Qg6+ Ng7 40.Bd4 Rc8 41.Qxh6 Rc7 42.Rg6  1-0

[Event "Synthesia Rapid Open"]
[Site "Pardubice CZE"]
[Date "2009.07.23"]
[Round "4"]
[White "Cvek,R"]
[Black "Bibik,J"]
[Result "1-0"]
[WhiteElo "2520"]
[BlackElo "2333"]

1.Nf3 d5 2.c4 d4 3.g3 Nc6 4.Bg2 e5 5.d3 Nf6 6.O-O Be7 7.b4 Bxb4 8.Nxe5 Nxe5
9.Qa4+ Nc6 10.Bxc6+ bxc6 11.Qxb4 Qd6 12.Ba3 Qe5 13.Qc5 Qxc5 14.Bxc5 Bh3 15.Re1 O-O-O
16.Nd2 Rhe8 17.Nf3 Bg4 18.Bxa7 Bxf3 19.exf3 Nd7 20.Bxd4 f6 21.Rxe8 Rxe8 22.Kf1 c5
23.Be3 Kb7 24.a4 Kc6 25.a5 Ra8 26.f4 Ra6 27.Ke2 f5 28.Bd2 Nf8 29.Bc3 Ne6
30.Kd2 Nd4 31.Rb1 Ra8 32.Bxd4 cxd4 33.Rb5 g6 34.Rd5 Rb8 35.Rxd4 Rb2+ 36.Ke3  1-0

[Event "Synthesia Rapid Open"]
[Site "Pardubice CZE"]
[Date "2009.07.23"]
[Round "4"]
[White "Jurek,J"]
[Black "Lintchevski,D"]
[Result "0-1"]
[WhiteElo "2353"]
[BlackElo "2484"]

1.Nf3 d5 2.c4 c6 3.d4 Nf6 4.e3 Bg4 5.h3 Bxf3 6.Qxf3 e6 7.Nc3 Nbd7 8.cxd5 exd5
9.Bd3 Bd6 10.O-O O-O 11.e4 dxe4 12.Nxe4 Nxe4 13.Bxe4 Re8 14.Re1 Qh4 15.g3 Qxh3
16.Bg5 g6 17.Bd3 Nb6 18.a3 Bf8 19.Bf6 Bg7 20.Rad1 Bxf6 21.Qxf6 Re6 22.Qf3 Rae8
23.Rxe6 Qxe6 24.Bc2 Kg7 25.Bb3 Qf6 26.Qd3 h5 27.Kg2 Re7 28.Qd2 Qf5 29.a4 h4
30.a5 h3+ 31.Kh2 Qf3 32.Kxh3 Re2 33.Qf4 Qxb3 34.axb6 Qxd1 35.bxa7 Qh1+  0-1

[Event "Najdorf Mem Open"]
[Site "Warsaw POL"]
[Date "2009.07.23"]
[Round "6"]
[White "Czarnota,P"]
[Black "Matlakov,M"]
[Result "1/2-1/2"]
[WhiteElo "2530"]
[BlackElo "2550"]

1.Nf3 d5 2.c4 c6 3.e3 Nf6 4.Nc3 a6 5.Qc2 g6 6.d4 Bg7 7.Bd3 O-O 8.O-O Bg4
9.Ne5 Be6 10.Bd2 dxc4 11.Nxc4 Nbd7 12.b4 Bxc4 13.Bxc4 e5 14.dxe5 Nxe5 15.Be2 a5
16.a3 axb4 17.axb4 Rxa1 18.Rxa1 Qd6 19.Rb1 Ra8 20.h3 Qe6 21.Be1  1/2-1/2

[Event "ch-Euro Senior w"]
[Site "Rogaska Slatina SLO"]
[Date "2009.07.24"]
[Round "3"]
[White "Sorokina,T"]
[Black "Saunina,L"]
[Result "1/2-1/2"]
[WhiteElo "2143"]
[BlackElo "2293"]

1.Nf3 d5 2.c4 dxc4 3.Qa4+ Nc6 4.Qxc4 e5 5.g3 Be7 6.Bg2 Nf6 7.d3 O-O 8.O-O Nd7
9.a3 Nb6 10.Qc2 a5 11.b3 f5 12.Bb2 Bf6 13.Nbd2 Nd4 14.Nxd4 exd4 15.Nf3 Qd6
16.Rac1 c6 17.Qc5 Qxc5 18.Rxc5 Rd8 19.h4 Be6 20.Nd2 Kf7 21.Rcc1 Re8 22.Rfe1 Rad8
23.Rc5 Ra8 24.Kf1  1/2-1/2

[Event "ch-AUT"]
[Site "Jenbach AUT"]
[Date "2009.07.25"]
[Round "1"]
[White "Pilaj,H"]
[Black "Spiesberger,G"]
[Result "1-0"]
[WhiteElo "2357"]
[BlackElo "2106"]

1.Nf3 d5 2.c4 dxc4 3.e3 Bg4 4.Bxc4 e6 5.Nc3 c6 6.h3 Bxf3 7.Qxf3 Nd7 8.d4 Ngf6
9.O-O Be7 10.Bb3 Nb6 11.Rd1 Nbd5 12.Ne2 Qa5 13.e4 Nb4 14.a3 Na6 15.Nf4 O-O-O
16.e5 Ne8 17.Be3 h6 18.Bxe6+ fxe6 19.Ng6 Nec7 20.Nxe7+ Kb8 21.Rac1 Nd5 22.Ng6 Rhe8
23.Qf7 Qc7 24.Qxc7+ Naxc7 25.g4 Ne7 26.Nf4 Rd7 27.Kg2 Red8 28.Kf3 Ned5 29.Nd3 Ne7
30.Ke4 b6 31.a4 Kb7 32.f4 Ncd5 33.Bf2 Rf8 34.Bh4 Ng6 35.Bg3 Nde7 36.Be1 Rfd8
37.Bf2 Rf8 38.Rf1 Rfd8 39.Rcd1 Kc7 40.f5 Nf8 41.Nf4 Nd5 42.Bh4 Re8 43.Nxd5+ Rxd5
44.f6 g6 45.f7 Rc8 46.Be7 Rd7 47.Bd6+ Rxd6 48.exd6+ Kxd6 49.Rf6 Ke7 50.Rdf1 Rd8
51.h4 Rd5 52.R6f3 h5 53.g5 Rd8 54.Rc1 Kd6 55.Rfc3 Rc8 56.b4 Rc7 57.b5 c5
58.dxc5+ bxc5 59.Rf1 Rc8 60.a5 Ke7 61.b6 axb6 62.axb6 Nd7 63.Rcf3 Nf8 64.Ra3 Rb8
65.Ra7+ Kd6 66.b7 Ke7 67.Ra8  1-0

[Event "OK Open"]
[Site "Oklahoma City USA"]
[Date "2009.07.25"]
[Round "3"]
[White "Montero,J"]
[Black "Whitcomb,B"]
[Result "0-1"]
[WhiteElo "1809"]
[BlackElo "2023"]

1.Nf3 d5 2.c4 e6 3.cxd5 exd5 4.d4 Nf6 5.Bg5 Be7 6.Nc3 c6 7.e3 Bf5 8.Qb3 Qb6
9.Qxb6 axb6 10.Nh4 Be6 11.Bd3 h6 12.Bxf6 Bxf6 13.Nf5 g6 14.Ng3 Na6 15.a3 O-O
16.Rc1 Nc7 17.Kd2 Ne8 18.Nge2 Nd6 19.Nf4 Bf5 20.Be2 Bg5 21.g3 Bxf4 22.gxf4 b5
23.h4 h5 24.Rhg1 Nc4+ 25.Bxc4 bxc4 26.f3 Rfe8 27.Ne2 Kf8 28.Ng3 Bd3 29.f5 Ra6
30.Rc3 Rb6 31.b4 Ra8 32.fxg6 fxg6 33.Ne2 Kf7 34.Nf4 Bf5 35.Kc1 Rxb4 36.Rxg6 Rb1+  0-1

[Event "Czech Open A"]
[Site "Pardubice CZE"]
[Date "2009.07.25"]
[Round "2"]
[White "Kanovsky,D"]
[Black "Van Beek,Al"]
[Result "0-1"]
[WhiteElo "2483"]
[BlackElo "2345"]

1.Nf3 d5 2.c4 c6 3.b3 Nf6 4.Bb2 Bg4 5.e3 Nbd7 6.Be2 e6 7.O-O Bd6 8.d4 Ne4
9.Nc3 f5 10.Ne5 Nxc3 11.Bxc3 Bxe2 12.Qxe2 O-O 13.a4 Qc7 14.Nxd7 Qxd7 15.c5 Be7
16.b4 a6 17.Ra2 Ra7 18.Rb1 Bf6 19.f4 Rb8 20.g4 b5 21.Rba1 Rba8 22.g5 Bd8
23.Ra3 Qb7 24.Kf2 bxa4 25.Rxa4 Qb5 26.Qxb5 cxb5 27.R4a2 Kf8 28.h4 Ke7 29.h5 Kd7
30.g6 h6 31.Kg2 Kc6 32.Kh3 Bc7 33.Be1 Bd8 34.Kg2 Bf6 35.Bc3 Bd8 36.Kg3 Bf6
37.Kh3 Bd8 38.Be1 Bf6 39.Bh4 Bxh4 40.Kxh4 Kb7 41.c6+ Kb6 42.Kg3 Rc7 43.Rc1 a5
44.Kf3 Raa7 45.bxa5+ Rxa5 46.Rb2 Rxc6 47.Rxc6+ Kxc6 48.Rc2+ Kb6 49.Rc8 Ra7
50.Ke2 Rc7 51.Rb8+ Ka5 52.Kd3 b4 53.Ra8+ Kb5 54.Rb8+ Ka4 55.Ra8+ Kb5 56.Rb8+ Ka4
57.Ra8+ Kb3 58.Rf8 Ka2 59.Rf7 Rc8 60.Ra7+ Kb2 61.Rxg7 b3 62.Rb7 Ka2 63.g7 b2
64.Ra7+ Kb3 65.Rb7+ Ka2 66.Ra7+ Kb1 67.Kd2 Rc2+ 68.Kd3 Kc1 69.g8=Q Rd2+ 70.Kc3 b1=Q
71.Qg1+ Rd1  0-1

[Event "Czech Open A"]
[Site "Pardubice CZE"]
[Date "2009.07.25"]
[Round "2"]
[White "Teske,H"]
[Black "Gjuran,D"]
[Result "1-0"]
[WhiteElo "2536"]
[BlackElo "2360"]

1.Nf3 d5 2.c4 c6 3.d4 Nf6 4.Nc3 e6 5.g3 Nbd7 6.Bg2 Bd6 7.O-O O-O 8.b3 Qe7
9.Nd2 e5 10.cxd5 exd4 11.dxc6 dxc3 12.Nc4 Bc5 13.cxb7 Bxb7 14.Bxb7 Rad8 15.Qc2 Nb6
16.Nxb6 axb6 17.Ba6 Qe6 18.e3 Qe5 19.a3 Rd7 20.Bb5 Rd5 21.Bc4 Rd7 22.Bb5 Rd5
23.Bc6 Rd6 24.Bf3 b5 25.b4 Bb6 26.a4 bxa4 27.Rxa4 Qb5 28.Ra3 Rfd8 29.Rxc3 h5
30.Bc6 Qe5 31.Rc4 Ng4 32.b5 Qe6 33.Re4 Qf6 34.h3 Ne5 35.Bb2  1-0

[Event "ch-Euro Senior"]
[Site "Rogaska Slatina SLO"]
[Date "2009.07.25"]
[Round "4"]
[White "Sorokin,Valen"]
[Black "Archangelsky,M"]
[Result "0-1"]
[WhiteElo "2319"]
[BlackElo "2210"]

1.Nf3 d5 2.c4 e6 3.d4 c6 4.Nc3 dxc4 5.a4 Bb4 6.e4 b5 7.Bg5 Ne7 8.Be2 a6 9.O-O Bxc3
10.bxc3 O-O 11.Qc2 f6 12.Be3 Nd7 13.Rfd1 Nb6 14.Nd2 Bd7 15.Rab1 Qc7 16.Qa2 Nxa4
17.Qa3 c5 18.dxc5 Rfc8 19.e5 Qxe5 20.Nxc4 bxc4 21.Rxd7 Nxc3 22.Rbb7 Nxe2+
23.Kf1 Nf5 24.Kxe2 Qe4 25.g3 h5 26.h3 Qg2 27.h4 Nxg3+ 28.Kd2 Nf5 29.Qb4 Qe4
30.Qb6 a5 31.c6 Rxc6 32.Rb8+ Rxb8 33.Qxb8+ Kh7 34.Rd8 c3+ 35.Ke1 Kg6 36.Rh8 Nxe3
37.Qe8+ Kf5 38.Qxh5+ Kf4  0-1

[Event "ZMD Open"]
[Site "Dresden GER"]
[Date "2009.07.26"]
[Round "2"]
[White "Stabolewski,A"]
[Black "Konow,P"]
[Result "1-0"]
[WhiteElo "2256"]
[BlackElo "1853"]

1.Nf3 d5 2.c4 e6 3.d4 Nf6 4.g3 c6 5.Bg2 Be7 6.O-O O-O 7.Qc2 Ne4 8.Nbd2 f5
9.b3 Nd7 10.Bb2 Nd6 11.Ne1 Qe8 12.Nd3 g5 13.Nf3 Qg6 14.Rac1 Qg7 15.Nc5 Nf6
16.Ne5 Nh5 17.Ncd3 f4 18.c5 Ne8 19.Bf3 Nhf6 20.gxf4 gxf4+ 21.Kh1 Qh6 22.Rg1+ Kh8
23.Rg2 Ng7 24.Rcg1 Nf5 25.Bc1 Nxd4 26.Qb2 Nxf3 27.Rg8+  1-0

[Event "Czech Open A"]
[Site "Pardubice CZE"]
[Date "2009.07.26"]
[Round "3"]
[White "Kantans,T"]
[Black "Vojtek,V"]
[Result "1-0"]
[WhiteElo "2209"]
[BlackElo "2330"]

1.Nf3 d5 2.c4 c6 3.g3 Nf6 4.Bg2 Bg4 5.Ne5 Bf5 6.Qb3 Nbd7 7.d4 Qb6 8.Nxd7 Bxd7
9.Nc3 e6 10.c5 Qc7 11.Bf4 Qc8 12.O-O Be7 13.Qc2 Nh5 14.Bd2 g6 15.e4 O-O 16.f4 dxe4
17.Nxe4 Nf6 18.b4 Rd8 19.Bc3 Nd5 20.Rfe1 Be8 21.Nd2 h6 22.Nc4 Kg7 23.Rab1 g5
24.f5 Bf6 25.Nd6 Rxd6 26.cxd6 exf5 27.Ba1 Qd7 28.Bxd5 cxd5 29.Qc5 Qa4 30.Qxd5 Bd7
31.Qb3 Qc6 32.d5 Qxd6 33.Bxf6+ Kxf6 34.Qc3+ Kg6 35.Qc5 Qf6 36.Rbd1 Ba4 37.Rd2 Rd8
38.Qxa7 Qc3 39.Qb6+ Kg7 40.Qd4+ Qxd4+ 41.Rxd4 Rd6 42.Re7 b6 43.Ra7 Bc2 44.a4 Be4
45.Ra6 Kf6 46.a5 Ke5 47.Rxb6 Rd8 48.Rd2 f4 49.gxf4+ gxf4 50.d6 Rc8 51.d7 Rc1+
52.Kf2 Rh1 53.Rb5+ Ke6 54.Rh5  1-0

[Event "Czech Open A"]
[Site "Pardubice CZE"]
[Date "2009.07.26"]
[Round "3"]
[White "Daskevics,Va"]
[Black "Lintchevski,D"]
[Result "1-0"]
[WhiteElo "2341"]
[BlackElo "2484"]

1.Nf3 d5 2.c4 c6 3.e3 Nf6 4.Nc3 a6 5.b3 Bg4 6.h3 Bxf3 7.Qxf3 e6 8.Bb2 Nbd7
9.cxd5 cxd5 10.g4 h6 11.Be2 Bd6 12.h4 Be5 13.d4 Bd6 14.g5 Ng8 15.e4 Nb6 16.g6 f6
17.Qh3 dxe4 18.Qxe6+ Qe7 19.Qxe4 f5 20.Qxe7+ Nxe7 21.Bf3 O-O-O 22.h5 Nc6
23.Bxc6 bxc6 24.O-O-O Be7 25.d5 cxd5 26.Ne2 Rhg8 27.Nd4 Bf6 28.Rhe1 Kd7 29.Nxf5 Rdf8
30.Bxf6 Rxf6 31.Re7+ Kd8 32.Re5 Rgf8 33.Nxg7 Kd7 34.Rde1 Rxf2 35.Re7+ Kc6
36.Ne6 Rc8 37.Kb1 d4 38.Nxd4+ Kc5 39.R7e2 Rxe2 40.Nxe2 Re8  1-0

[Event "Tchibo Open B"]
[Site "Pardubice CZE"]
[Date "2009.07.26"]
[Round "3"]
[White "Nikolaev,L"]
[Black "Adamowicz,K"]
[Result "1-0"]
[WhiteElo "2299"]
[BlackElo "2121"]

1.Nf3 d5 2.c4 c6 3.g3 Nf6 4.Bg2 Nbd7 5.d4 e6 6.Qc2 Be7 7.O-O O-O 8.Rd1 b6
9.b3 Bb7 10.Nc3 Rc8 11.e4 Nxe4 12.Nxe4 dxe4 13.Qxe4 Qc7 14.Bf4 Bd6 15.Bxd6 Qxd6
16.c5 Qe7 17.b4 Nf6 18.Qc2 Nd5 19.Rab1 Rfd8 20.Ne5 Ba6 21.Be4 h6 22.Bh7+ Kf8
23.Bg6 f6 24.Nf7 Rd7 25.Re1 Kg8 26.Nd6 Rxd6 27.cxd6 Qxd6 28.Qa4 Nc7 29.Rbc1 Qxd4
30.Qxc6 Qd5 31.Red1 Qg5 32.Qxc7 Qxg6 33.Qxa7 Rxc1 34.Rxc1 Qd3 35.Qxb6 Bc4
36.Qe3 Qd5 37.Qc5 Bxa2 38.Qxd5 Bxd5 39.Rc7 Kf8 40.b5 Ke8 41.Rxg7 f5 42.b6  1-0

[Event "Continental ch-Americas"]
[Site "Sao Paulo BRA"]
[Date "2009.07.26"]
[Round "2"]
[White "Rodrigues,Ne"]
[Black "Figueiredo,R"]
[Result "1-0"]
[WhiteElo "2033"]
[BlackElo "1931"]

1.Nf3 d5 2.c4 e6 3.g3 Nf6 4.b3 Nbd7 5.Bb2 Bd6 6.Bg2 c6 7.O-O O-O 8.d4 Re8
9.Nc3 Bc7 10.Qc2 dxc4 11.bxc4 Nb6 12.Nd1 Qe7 13.e4 Rd8 14.Ne3 h6 15.e5 Nh7
16.a4 Nd7 17.Rfe1 Ndf8 18.Rad1 Ba5 19.Re2 Rd7 20.Nd2 Qd8 21.Ne4 f6 22.Nd6 fxe5
23.dxe5 Ng5 24.c5 Nf7 25.Nec4 Nxd6 26.exd6 Rf7 27.Ne5 Rf5 28.Qc4 Qe8 29.Bh3 Rh5
30.Bg4 Nd7 31.Bxe6+ Kh7 32.Bxd7 Bxd7 33.Nxd7 Qxd7 34.Re7 Qh3 35.Rxg7+ Kh8  1-0

[Event "Czech Open A"]
[Site "Pardubice CZE"]
[Date "2009.07.27"]
[Round "4"]
[White "D'Costa,L"]
[Black "Van Beek,Al"]
[Result "1-0"]
[WhiteElo "2477"]
[BlackElo "2345"]

1.Nf3 d5 2.c4 c6 3.e3 Nf6 4.Nc3 e6 5.b3 Bd6 6.Bb2 O-O 7.Qc2 Qe7 8.Rg1 e5
9.cxd5 Nxd5 10.Ne4 Bc7 11.g4 f5 12.gxf5 Bxf5 13.Be2 Nd7 14.a3 Kh8 15.d3 a5
16.Rg3 Bb6 17.O-O-O h6 18.Nfd2 c5 19.Rdg1 Rf7 20.Bh5 Rff8 21.Bg6 Bxg6 22.Rxg6 N5f6
23.Ng3 Nd5 24.Nh5 Rf7 25.Rxg7 Rxg7 26.Rxg7  1-0

[Event "XXXV d'Esca Open"]
[Site "Sitges ESP"]
[Date "2009.07.27"]
[Round "6"]
[White "Burmakin,V"]
[Black "Cuartas,Ja"]
[Result "1/2-1/2"]
[WhiteElo "2627"]
[BlackElo "2521"]

1.Nf3 d5 2.c4 c6 3.b3 Nf6 4.g3 Bg4 5.Bg2 e6 6.Bb2 Nbd7 7.O-O Bd6 8.d3 O-O
9.Nc3 Qe7 10.h3 Bxf3 11.Bxf3 Ba3 12.Qc1 Bxb2 13.Qxb2 d4 14.Nb1 e5 15.Nd2 a5
16.a3 Nc5 17.Qc2 Ne6 18.Bg2 Nd7 19.b4 axb4 20.axb4 Qxb4 21.Rfb1 Qc3 22.Qd1 Ndc5
23.Rc1 Qb4 24.Rcb1 Rxa1 25.Rxa1 Qb6 26.Ra3 g6 27.Qc2 Kg7 28.Nf3 f6 29.Nd2 Nc7
30.Qa2 N7a6 31.Qa1 Ra8 32.h4 h5 33.Bf3 Qd8 34.Kg2 Nc7 35.Ra7 Qb8 36.Ra5 Rxa5
37.Qxa5 N7a6 38.Qb6 Qc7 39.Qb2 Kf7 40.Qb1 Kg7 41.Qb2 f5 42.Kg1 Qa5 43.Bg2 Qb4
44.Qa2 Qc3 45.Kh2 Kf6 46.Nf3 Ne6 47.Ng5 Nxg5 48.hxg5+ Kxg5 49.Bxc6 Qb4 50.Bb5 Qd6
51.Qd2+ f4 52.Bxa6 Qxa6 53.gxf4+ exf4 54.Qb4 Qc6 55.Qe7+ Kf5 56.Qf7+ Kg5
57.Qe7+ Kf5 58.Qf7+ Kg5 59.Qe7+  1/2-1/2